000 00698nam a2200265Ia 4500
001 30342
005 20240114001442.0
007 ta
008 060719s1921 g b000 u 491 u
040 _aCotton College,Assam
041 _a491
082 _a294.14
_bSa 79 Sa
100 _aSastri, A.Mahadeva .
245 0 _aThe Samanya Vedanta Upanishad-Brahma Yogin /
_cA.Mahadeva Sastri.
_hTextual Documents
250 _a1st ed. /
260 _aMadras :
_bThe Adyar Library ,
_c1921.
300 _a511p. ;
_c22cm.
653 _aVedanta Upanishad
653 _aUpanisad
653 _aG-Religion
942 _2ddc
_cBK
999 _c30324
_d30324